|
|
|
|
| LEADER |
00000nam2a2200000 4500 |
| 001 |
67430 |
| 005 |
20231031073543.0 |
| 010 |
|
|
|a 5060046958
|
| 035 |
|
|
|a (RuTPU)RU\TPU\book\71796
|
| 090 |
|
|
|a 67430
|
| 100 |
|
|
|a 20040916d2003 m y0rusy50 ca
|
| 101 |
0 |
|
|a rus
|
| 102 |
|
|
|a RU
|
| 105 |
|
|
|a y j 001zy
|
| 200 |
0 |
|
|a Кн. 1: Основы организации инновационных процессов
|
| 210 |
|
|
|d 2003
|
| 215 |
|
|
|a 252 с.
|
| 320 |
|
|
|a Библиогр. в конце глав
|
| 461 |
|
1 |
|0 (RuTPU)RU\TPU\book\69256
|y 5-06-004708-3
|t Управление инновациями
|o Учебное пособие: В 3 кн.
|f Под ред. Ю. В. Шленова
|v Кн. 1: Основы организации инновационных процессов
|d 2003
|
| 610 |
1 |
|
|a экономика
|
| 610 |
1 |
|
|a инновации
|
| 610 |
1 |
|
|a инновационная деятельность
|
| 610 |
1 |
|
|a предприятия
|
| 610 |
1 |
|
|a конкуренция
|
| 610 |
1 |
|
|a конкурентные преимущества
|
| 610 |
1 |
|
|a инновационные процессы
|
| 610 |
1 |
|
|a логистика
|
| 610 |
1 |
|
|a технические решения
|
| 610 |
1 |
|
|a иновационные возможности
|
| 610 |
1 |
|
|a исследование
|
| 610 |
1 |
|
|a учебные пособия
|
| 686 |
|
|
|a У9(2)0-551я73
|v LBC/SL-A
|2 rubbk
|
| 801 |
|
1 |
|a RU
|b 63413507
|c 20040916
|g PSBO
|
| 801 |
|
2 |
|a RU
|b 63413507
|c 20180529
|g PSBO
|
| 900 |
|
|
|a Инновационный и стратегический менеджмент
|
| 942 |
|
|
|c BK
|
| 952 |
|
|
|a 521500
|b 061100
|